Climatic atlas of korea (Record no. 67583)

MARC details
000 -LEADER
fixed length control field 00300nam a22000977a 4500
008 - FIXED-LENGTH DATA ELEMENTS--GENERAL INFORMATION
fixed length control field 241022b |||||||| |||| 00| 0 eng d
040 ## - CATALOGING SOURCE
Original cataloging agency National Science Library
Transcribing agency National Science Library
245 ## - TITLE STATEMENT
Title Climatic atlas of korea
260 ## - PUBLICATION, DISTRIBUTION, ETC.
Place of publication, distribution, etc. korea
Name of publisher, distributor, etc. The central meteorological office
Date of publication, distribution, etc. 1962
942 ## - ADDED ENTRY ELEMENTS (KOHA)
Koha item type Continuing Resources
Holdings
Withdrawn status Lost status Source of classification or shelving scheme Damaged status Not for loan Home library Current library Shelving location Date acquired Total Checkouts Full call number Barcode Date last seen Price effective from Koha item type
    Universal Decimal Classification     National Science Library National Science Library GF/Rk-6/C-22/R-3 25/10/1975   551.58(519)K2 65543 24/10/2024 25/10/1975 Continuing Resources